Más allá de la integración vertical (Registro nro. 17147)

Detalles MARC
000 -LEADER
fixed length control field 00375 a2200121 4500
001 - CONTROL NUMBER
control field ART_2174
005 - DATE AND TIME OF LATEST TRANSACTION
control field 20260410161723.0
008 - FIXED-LENGTH DATA ELEMENTS--GENERAL INFORMATION
fixed length control field 260409a
100 1# - MAIN ENTRY--PERSONAL NAME
Personal name Johnston, Rusell
245 10 - TITLE STATEMENT
Title Más allá de la integración vertical
700 1# - ADDED ENTRY--PERSONAL NAME
Personal name Lawrence, Paul R.
773 0# - HOST ITEM ENTRY
Title Administración de empresas
Related parts - Año XIX, Nº 221/222 (ago./sep. 1988)
Record control number REV2036

No hay ítems disponibles.